Pour une réforme de l'entreprise

Đã lưu trong:
书目详细资料
主要作者: Bloch-Lainé, Francois
格式: 图书
语言:Undetermined
出版: Paris Editions du Sueil 1963
主题:
标签: 添加标签
没有标签, 成为第一个标记此记录!
Thư viện lưu trữ: Trung tâm Học liệu Trường Đại học Cần Thơ
LEADER 00495nam a2200181Ia 4500
001 CTU_69069
008 210402s9999 xx 000 0 und d
082 |a 658.406 
082 |b B651 
100 |a Bloch-Lainé, Francois 
245 0 |a Pour une réforme de l'entreprise 
245 0 |c Francois Bloch-Lainé 
260 |a Paris 
260 |b Editions du Sueil 
260 |c 1963 
650 |a Organizational change 
904 |i Minh 
980 |a Trung tâm Học liệu Trường Đại học Cần Thơ